| 000 | 00822nam a22002057a 4500 | ||
|---|---|---|---|
| 999 |
_c15736 _d15736 |
||
| 003 | AR-CdUCM | ||
| 008 | 190429b ||||| |||| 00| 0 spa d | ||
| 040 |
_aMUNICIPALIDAD PROVINCIAL DEL CUSCO _cBIBLIOTECA MUNICIPAL DEL CUSCO |
||
| 082 |
_a340.5 / _bG91 |
||
| 245 | _aLibreta tributaria es Obligatoria para los contribuyentes / | ||
| 260 |
_aLima : _bEdit. Guion, |
||
| 300 |
_a69 paginas ; _c23 cm. |
||
| 505 | _aContenido :Entidades exentas del impuesto a la renta --Entidades perceptoras de asignaciones cĂvicas --Facilidades a agentes de viaje y turismo --Requisitos tributarios para viajar al extranjero ... | ||
| 650 |
_aTributos _93291 |
||
| 650 |
_aRenta _929158 |
||
| 650 |
_aReglamentos _98910 |
||
| 700 |
_aGonzalo Hidalgo Iberico (editor) _934925 |
||
| 942 |
_2ddc _cFOLLETOS |
||
| 945 |
_arjall _d2019-04-29 |
||